Normal view MARC view

Entry Personal Name

Number of records used in: 1

001 - CONTROL NUMBER

  • control field: 865042

003 - CONTROL NUMBER IDENTIFIER

  • control field: OSt

005 - DATE AND TIME OF LATEST TRANSACTION

  • control field: 20260114154728.0

008 - FIXED-LENGTH DATA ELEMENTS

  • fixed length control field: 260114|| aca||aabn | a|a d

040 ## - CATALOGING SOURCE

  • Original cataloging agency: OSt
  • Transcribing agency: OSt

100 ## - HEADING--PERSONAL NAME

  • Personal name: विनोद कुमार, ले

670 ## - SOURCE DATA FOUND

  • Source citation: Work cat.: (OSt)1467882: विनोद कुमार, ले., त्रिपिटक के आधार पर प्रारंभिक बौद्ध - धर्म तथा अनुयायियों के संबंधों का विश्लेषण, 2022
Copyright @ Delhi University Library System